000 01574nam a2200325 i 4500
001 768714001
003 CO-MdFUSB
005 20250527153129.0
007 ta
008 210813t2011 -us |||| |||| 00| 0 eng d
020 _a9781601423726
040 _aCO-MdFUSB
_bspa
_cCO-MdFUSB
_dCO-MdFUSBC
_erda
041 _aeng
082 _223
_a248.4
_bP719
100 _aPlatt, David,
_eautor
245 1 _aRadical together :
_bunleashing the people of God for the purpose of God
_c/ David Platt
264 1 _aEstados Unidos :
_bMultnomah Books,
_c[2011]
264 4 _c© 2011
300 _a165 páginas
_c; 21 cm
336 _2rdacontent
_atexto
_btxt
337 _2rdamedia
_asin mediación
_bn
338 _2rdacarrier
_avolumen
_bnc
505 _aTiranía del bien: uno de los peores enemigos de los cristianos pueden ser las cosas buenas en la iglesia - El Evangelio mal entendido: el evangelio que nos salva del trabajo nos salva para trabajar - Dios está diciendo algo: la Palabra hace el trabajo - El genio del mal: construir la iglesia correcta depende de usar a las personas equivocadas -Nuestra tarea inconfundible: estamos viviendo - y anhelando - el fin del mundo - El dios que exalta a Dios: somos seguidores desinteresados ​​de un Dios egocéntrico.
520 _aDesafía a los cristianos a unirse en comunidades de fe que vivan de acuerdo con los evangelios a fin de lograr el propósito de Dios en el mundo para su mayor gloria.
563 _aRústico
650 7 _9655
_aIglesia
942 _cBK
945 _aJTF-925
999 _c66812
_d66812